TV Show by Running Joke Quiz Stats

 Plays Quiz Updated Mar 24, 2016

Challenge
Share
Tweet
Embed
Score 0/19 Timer 05:00
12 Plays Today
% Correct
South Park
95.1%
The Office
88.3%
Jimmy Kimmel Live!
86.3%
Family Guy
84.5%
How I Met Your Mother
83.3%
Doctor Who
80.3%
Home Improvement
78.3%
Avatar: The Last Airbender
69.8%
The Fresh Prince of Bel-Air
66.8%
Lost
59.5%
% Correct
Parks and Recreation
55.9%
SpongeBob SquarePants
53.8%
It’s Always Sunny in Philadelphia
50.9%
Seinfeld
49.2%
Supernatural
47.5%
30 Rock
44.3%
iCarly
43.7%
Arrested Development
38%
Chuck
26.4%

You're not logged in!

Compare scores with friends on all Sporcle quizzes.
OR
Log In

You Might Also Like...

Show Comments

Extras

Top Quizzes Today


Score Distribution

Your Account Isn't Verified!

In order to create a playlist on Sporcle, you need to verify the email address you used during registration. Go to your Sporcle Settings to finish the process.

Report this User

Report this user for behavior that violates our Community Guidelines.

Details: